000 01028nam a2200289 4500
001 293
003 OSt
005 20250327115916.0
008 250318b |||||||b |||| 00| 1 eng d
020 _a9788585972319
040 _bpor
041 _hpor
082 _aI 028.5
_bA381q
100 1 _aAlexandre, Vanessa,
_d1982-
_9565
245 _aQuem quer jogar futebol? /
_cAlexandre, Vanessa ;
260 _aCuritiba
_bBolsa Nacional do Livro
_c2012
300 _a24 p.
_bil.
490 1 _aEu, parte do mundo
520 _aQuem quer jogar futebol ? Exalta a importância do ser humano e propõe que a criança veja a diversidade em sua forma mais simples e primária: no relacionamento entre amigos. A definição de cada um, seja física ou psicológica, dá o apoio necessário a essa reflexão.
650 0 _aLiteratura Brasileira
_9205
650 0 _aInfantil
_9535
650 0 _aFutebol
_9566
650 0 _aDiversidade
_9567
655 0 _aLivro Infantil
_9568
830 _aEu, parte do mundo
_9569
942 _2ddc
_n0
_cBK
999 _c293
_d293